Návrh komunikačnej infraštruktúry pre stredne veľkú firmu

Salvato in:
Dettagli Bibliografici
Autore principale: Kubík, Filip (Autore)
Altri autori: Orgoň, Miloš (Relatore della tesi)
Natura: Manoscritto Libro
Lingua:slovacco
Pubblicazione: 2018
Soggetti:
Accesso online:http://is.stuba.sk/zp/portal_zp.pl?podrobnosti=137458
Tags: Aggiungi Tag
Nessun Tag, puoi essere il primo ad aggiungerne!!

MARC

LEADER 00000ntm a22000003a 4500
001 stuzp66999
003 SK-STU
005 20181029131037.2
007 ta
008 150427s2015----xo-----f-mn---000-0-slo-d
040 |a STU  |b slo 
041 0 |a slo 
044 |a xo 
100 1 |a Kubík, Filip  |u 037000  |4 aut  |U FEI Fakulta elektrotechniky a informatiky  |T FEI Ústav multimediálnych informačných a komunikačných technológií  |X 73047  |U E070  |Y 818  |7 73047 
242 0 1 |a Design of a Communication Infrastructure for the Medium-Sized Company  |y eng 
245 1 0 |a Návrh komunikačnej infraštruktúry pre stredne veľkú firmu 
260 |c 2018 
300 |a 64 s. 
650 4 |a IP networks  |2 eng 
650 4 |a WAN  |2 eng 
650 4 |a design  |2 eng 
650 4 |a LAN  |2 eng 
650 4 |a LAN  |2 slo 
650 4 |a dizajn  |2 slo 
650 4 |a WAN  |2 slo 
650 4 |a IP siete  |2 slo 
700 1 |a Orgoň, Miloš  |u 037000  |k Z1  |4 ths  |U FEI Fakulta elektrotechniky a informatiky  |T FEI Ústav multimediálnych informačných a komunikačných technológií  |X 2184  |U E070  |Y 818  |7 A000002184 
856 4 |u http://is.stuba.sk/zp/portal_zp.pl?podrobnosti=137458 
996 |b 284EP11932  |c E*DIPL- 11932  |l EE37  |s P  |a 0  |w stuzp66999_0001